History of Jammu And Kashmir/ (Record no. 192636)

MARC details
000 -LEADER
fixed length control field 00583nam a22001817a 4500
005 - DATE AND TIME OF LATEST TRANSACTION
control field 20220928140645.0
010 ## - LCCN (DPL NO)
LC control number ENG-135238
020 ## - INTERNATIONAL STANDARD BOOK NUMBER
Terms of availability 995.00
International Standard Book Number 9789383316007
035 ## - SYSTEM CONTROL NUMBER
System control number EN-118770
037 ## - SOURCE OF ACQUISITION
Source of stock number/acquisition DBAD/PUB
082 ## - DEWEY DECIMAL CLASSIFICATION NUMBER
Classification number 954.11
100 ## - MAIN ENTRY--PERSONAL NAME
Personal name Mehta, J.N.
245 ## - TITLE STATEMENT
Title History of Jammu And Kashmir/
Statement of responsibility, etc J.N. Mehta
260 ## - PUBLICATION, DISTRIBUTION, ETC. (IMPRINT)
Place of publication, distribution, etc New Delhi
Name of publisher, distributor, etc Gaurav Book Centre
Date of publication, distribution, etc 2016
270 ## - ADDRESS
City New Delhi
Address 4832/24, Prahalad Lane, S-207, Ansari Road Daryaganj
Postal code 110002
Telephone number 011-43570976
Electronic mail address gauravbookcentre@gmail.com
300 ## - PHYSICAL DESCRIPTION
Extent 223p.
Dimensions 22cm(HB)
942 ## - ADDED ENTRY ELEMENTS (KOHA)
Source of classification or shelving scheme Dewey Decimal Classification
Item type English Books
Call number suffix MEH
Classification part 954.11
Holdings
Withdrawn status Lost status Not for loan Collection code Home library Current library Date acquired Source of acquisition Cost, normal purchase price Full call number Barcode Copy number Cost, replacement price Koha item type
      Non-fiction Bawana Bawana 28/09/2022 DBAD/PUB 995.00 954.11 MEH EN-118770 1 995.00 English Books

© Delhi Public Library
Hit Counter
free hit counter